01161nam a2200241Ia 4500001000600000003000900006008004100015040001300056040001300069041001300082100002000095100002900115245006600144245005000210250001100260260001100271260002200282260004900304300005700353500045700410650002100867650003100888F8063IT-RoPAU130308s9999 xx 000 0 und d aIT-RoPAU cIT-RoPAU aITALIANO aMichelone Guido gCodice Aut. SPICS: 30403 aBazin, May, Bini: teoria, prassi, etica per un film cristiano bCinema e Chiesa. Una storia che dura 100 Anni a1a ed. aMILANO bCentro Ambrosiano c1994 [1° Ed.:1994 - Ed.Ling.Originale:1994] a"25 p. (prefazione: no ; testo: 25 [pagine: 73-97])" aParte Prima: Andre' Bazin, Ontologia e Realtà, immagine Vita e Creazione,Realismo Ontologico Fra Tabu' e Intensità. parte Seconda: Renato May, Dialogo e Metodo, Civiltà delle Immagini, compito Pedagogico, Valutazione, Moralità. parte Terza: padre Luigi Bini, Cristianesimo e Film, Realizzazionecristiana, presenza e Parola, Segni del Trascendente, Quale Film Biblico, Gesu' Sullo Schermo, Confrontati con Il Cristo. La Ricotta, le Due Passioni. aSAGGI SUL CINEMA eCodice materia Spics: 6811